| Tag |
First Indicator |
Second Indicator |
Subfields |
| LEADER |
00000cam a2200000 a 4500 |
| 001 |
in00000885921 |
| 005 |
20150923144539.0 |
| 007 |
hd afa013baca |
| 007 |
hd bfa013baaa |
| 008 |
850723s1673 miu a 00010 eng d |
| 035 |
|
|
|a (OCoLC)12295015
|
| 035 |
|
|
|9 AEL6962AM
|
| 037 |
|
|
|a CL0037000053
|b University Microfilms International
|
| 037 |
|
|
|b University Microfilms International, 300 N. Zeeb Rd., Ann Arbor, MI 48106
|
| 040 |
|
|
|a EAI
|c EAI
|d m/c
|d UtOrBLW
|
| 041 |
1 |
|
|a eng
|h lat
|
| 043 |
|
|
|a e-uk-en
|
| 049 |
|
|
|a TXAI
|
| 090 |
|
|
|a BX1763
|b .F47
|
| 099 |
|
|
|a film
|a B
|a 3609
|
| 100 |
1 |
|
|a Ferrarius, Janus Alexandrus.
|
| 245 |
1 |
0 |
|a Janus Alexandrus Ferrarius, an Augustine friar, his epistles to the two brethern of Wallenburgh, concerning the usefulness and necessity of the Roman Catholick faith :
|b wherein the ambition and avarice of the Church of Rome are lively demonstrated in a mathematical method, by a continued series of connexed propositions /
|c from the original Latine.
|
| 264 |
|
3 |
|a London :
|b Printed by Thomas Ratcliffe and Nathaniel Thompson, and are to be sold at their house ...,
|c 1673.
|
| 300 |
|
|
|a 14 unnumbered pages, 142 pages
|
| 336 |
|
|
|a text
|b txt
|2 rdacontent
|
| 337 |
|
|
|a microform
|b h
|2 rdamedia
|
| 338 |
|
|
|a microfilm reel
|b hd
|2 rdacarrier
|
| 500 |
|
|
|a Translation of Latin original attributed by Wing to Joannes Ludovicus Fabricius.
|
| 500 |
|
|
|a Numerous errors in paging.
|
| 500 |
|
|
|a Reproduction of original in the Bodleian Library.
|
| 510 |
4 |
|
|a Wing
|c F73.
|
| 533 |
|
|
|a Microfilm.
|b Ann Arbor, Mich. :
|c University Microfilms International,
|d 1984.
|e 1 microfilm reel ; 35 mm.
|f (Early English books, 1641-1700 ; 1503:26)
|
| 500 |
|
|
|a Microform.
|
| 610 |
2 |
0 |
|a Catholic Church
|v Controversial literature.
|
| 650 |
|
0 |
|a Anti-Catholicism
|z England.
|
| 700 |
1 |
|
|a Fabricius, Joannes Ludovicus.
|
| 740 |
3 |
|
|a An Augustine friar, his epistles to the two brethren of Wallenburgh.
|
| 830 |
|
0 |
|a Early English books, 1641-1700 ;
|v 1503:26.
|
| 999 |
|
|
|a MARS
|
| 999 |
f |
f |
|s d775376c-7707-3fa4-8a2a-aae4d41cfa0c
|i 1878f233-3fc8-32fb-957c-9e17c46df71a
|t 0
|
| 952 |
f |
f |
|p default
|a Texas A&M University
|b College Station
|c Sterling C. Evans Library
|d Evans: Microforms (3rd floor)
|t 0
|e film B 3609 1503:26
|h Other scheme
|i microform -- microfilm reel
|
| 998 |
f |
f |
|a film B 3609 1503:26
|t 0
|l Evans: Microforms (3rd floor)
|